000
00305nam a2200109 4500
999
_c
8521
_d
8521
008
180209b xxu||||| |||| 00| 0 eng d
245
_a
Obey the anti-smoking law and reap the benefits.
260
_a
Philippines:
_b
Manila Bulletin,
_c
c2017.
300
_a
page C-2.
650
0
_9
37102
_a
Law.
942
_2
ddc
_c
PER